[Event "IECG CP.2002.P.00112 email"]
[Site "IECG email"]
[Date "2002.10.01"]
[Round "?"]
[White "Geib, Steven"]
[Black "Storgaard, Flemming S"]
[Result "0-1"]
[WhiteElo "1366"]
[BlackElo "1849"]
[PlyCount "70"]
[EventDate "2002.10.01"]
[EventType "tourn (corr)"]
[EventRounds "6"]
[EventCountry "AUS"]
[SourceTitle "Corr 2008"]
[Source "ChessBase"]
[SourceDate "2008.06.24"]
[SourceVersion "1"]
[SourceVersionDate "2008.06.24"]
[SourceQuality "1"]

1. e4 c5 2. Nf3 d6 3. Bb5+ Bd7 4. Nc3 Nf6 5. d3 e6 6. 0-0 Be7 7. Bg5 0-0 8. Re1 Nc6 9. e5 Nxe5 10. Nxe5 dxe5 11. Rxe5 Bxb5 12. Nxb5 Qb6 13. c4 a6 14. Nc3 Qxb2 15. Bxf6 Bxf6 16. Rxc5 Qxc3 17. Rb1 Rab8 18. Rc7 b5 19. Rc1 Qe5 20. cxb5 Qxb5 21. R1c4 Qb1 22. Qxb1 Rxb1+ 23. Rc1 Rxc1+ 24. Rxc1 Rd8 25. Rd1 Kf8 26. f4 Ke7 27. g4 Bd4+ 28. Kg2 Rc8 29. Rd2 Be3 30. Re2 Bxf4 31. Kf3 e5 32. h3 Rc3 33. Ke4 Ke6 34. d4 Rxh3 35. dxe5 Bxe5 0-1

[Event "IECG CP.2002.P.00112 email"]
[Site "IECG email"]
[Date "2002.10.01"]
[Round "?"]
[White "Storgaard, Flemming S"]
[Black "Hughes, Gregory"]
[Result "1-0"]
[WhiteElo "1849"]
[BlackElo "2143"]
[PlyCount "51"]
[EventDate "2002.10.01"]
[EventType "tourn (corr)"]
[EventRounds "6"]
[EventCountry "AUS"]
[SourceTitle "Corr 2008"]
[Source "ChessBase"]
[SourceDate "2008.06.24"]
[SourceVersion "1"]
[SourceVersionDate "2008.06.24"]
[SourceQuality "1"]

1. e4 Nf6 2. e5 Nd5 3. d4 d6 4. c4 Nb6 5. f4 dxe5 6. fxe5 c5 7. d5 e6 8. Nc3 exd5 9. cxd5 c4 10. Nf3 Bb4 11. Bxc4 Bxc3+ 12. bxc3 Nxc4 13. Qa4+ Nd7 14. Qxc4 Nb6 15. Qb5+ Qd7 16. Qxd7+ Bxd7 17. d6 Rc8 18. Bd2 0-0 19. 0-0 Nc4 20. Bf4 Rfe8 21. Rab1 b6 22. Rfe1 Rc5 23. h3 Rec8 24. Rbc1 Nb2 25. Re3 Na4 26. e6 1-0

[Event "IECG CP.2002.P.00112 email"]
[Site "IECG email"]
[Date "2002.10.01"]
[Round "?"]
[White "Tobey, Al E"]
[Black "Storgaard, Flemming S"]
[Result "0-1"]
[WhiteElo "511"]
[BlackElo "1849"]
[PlyCount "92"]
[EventDate "2002.10.01"]
[EventType "tourn (corr)"]
[EventRounds "6"]
[EventCountry "AUS"]
[SourceTitle "Corr 2008"]
[Source "ChessBase"]
[SourceDate "2008.06.24"]
[SourceVersion "1"]
[SourceVersionDate "2008.06.24"]
[SourceQuality "1"]

1. e4 c5 2. Nf3 d6 3. d4 cxd4 4. Nxd4 Nc6 5. Be3 Nf6 6. Nc3 Ng4 7. Bb5 Nxe3 8. fxe3 Bd7 9. 0-0 e6 10. Qf3 Ne5 11. Bxd7+ Qxd7 12. Qe2 Be7 13. Rad1 0-0 14. Nf3 Nxf3+ 15. Qxf3 Bf6 16. Rd3 Be5 17. g3 Rac8 18. Qe2 Rc7 19. Nd1 Qa4 20. c3 Qxa2 21. Rd2 Qc4 22. Nf2 Qxe2 23. Rxe2 Rc4 24. Ra1 a6 25. Rd2 Rd8 26. Rad1 Kf8 27. Kg2 Ke7 28. Kf3 b5 29. Nd3 Bf6 30. Nf4 b4 31. e5 Bxe5 32. cxb4 d5 33. Nd3 Bd6 34. Ra1 e5 35. Ke2 Bxb4 36. Nxb4 Rxb4 37. Rxa6 Rd6 38. Ra5 Ke6 39. h4 f5 40. Ra7 Kf6 41. Kf3 h6 42. Ra3 Ke6 43. b3 Rdb6 44. g4 fxg4+ 45. Kg3 Rxb3 46. Rxb3 Rxb3 0-1

[Event "IECG CP.2000.P.00077"]
[Site "IECG email"]
[Date "2000.10.01"]
[Round "?"]
[White "Moscoso, Fernando"]
[Black "Storgaard, Flemming S"]
[Result "0-1"]
[WhiteElo "1642"]
[BlackElo "1875"]
[PlyCount "36"]
[EventDate "2000.10.01"]
[EventType "tourn (corr)"]
[EventRounds "6"]
[EventCountry "ITA"]
[SourceTitle "Corr 2008"]
[Source "ChessBase"]
[SourceDate "2008.06.24"]
[SourceVersion "1"]
[SourceVersionDate "2008.06.24"]
[SourceQuality "1"]

1. d4 Nf6 2. c4 e5 3. dxe5 Ne4 4. Nf3 Nc6 5. a3 d6 6. exd6 Bxd6 7. Nbd2 Bf5 8. Nxe4 Bxe4 9. Qb3 Qe7 10. e3 0-0-0 11. Be2 h5 12. Bd2 g5 13. Bc3 Rhg8 14. 0-0-0 g4 15. Ne1 h4 16. h3 g3 17. f3 Bg6 18. Nc2 Bxc2 0-1

[Event "IECG CP.1999.Q.00003"]
[Site "IECG email"]
[Date "2000.10.01"]
[Round "?"]
[White "Storgaard, Flemming S"]
[Black "Epiney, Flo"]
[Result "1/2-1/2"]
[WhiteElo "1828"]
[BlackElo "1764"]
[PlyCount "63"]
[EventDate "2000.10.01"]
[EventType "tourn (corr)"]
[EventRounds "8"]
[EventCountry "GER"]
[SourceTitle "Corr 2008"]
[Source "ChessBase"]
[SourceDate "2008.06.24"]
[SourceVersion "1"]
[SourceVersionDate "2008.06.24"]
[SourceQuality "1"]

1. e4 c6 2. d4 d5 3. e5 Bf5 4. h4 h5 5. Bd3 Bxd3 6. Qxd3 e6 7. Ne2 Nd7 8. Nd2 Qb6 9. c4 c5 10. cxd5 exd5 11. 0-0 cxd4 12. Nxd4 Bc5 13. N2b3 Bxd4 14. Nxd4 Ne7 15. Re1 0-0 16. Bg5 Ng6 17. Nf3 Qe6 18. Rad1 Ndxe5 19. Nxe5 Nxe5 20. Qxd5 Qxd5 21. Rxd5 Ng6 22. Rd7 f6 23. Be3 Nxh4 24. Rxb7 Nf5 25. Bxa7 Rf7 26. Rxf7 Kxf7 27. Bc5 Rxa2 28. b4 g5 29. Rb1 Rc2 30. f3 g4 31. fxg4 hxg4 32. Rf1 1/2-1/2

[Event "IECG CP.1999.Q.00003"]
[Site "IECG email"]
[Date "2000.10.01"]
[Round "?"]
[White "Storgaard, Flemming S"]
[Black "Martin, Antonio C"]
[Result "0-1"]
[WhiteElo "1828"]
[BlackElo "2108"]
[PlyCount "58"]
[EventDate "2000.10.01"]
[EventType "tourn (corr)"]
[EventRounds "8"]
[EventCountry "GER"]
[SourceTitle "Corr 2008"]
[Source "ChessBase"]
[SourceDate "2008.06.24"]
[SourceVersion "1"]
[SourceVersionDate "2008.06.24"]
[SourceQuality "1"]

1. e4 c5 2. f4 d5 3. e5 Nc6 4. c3 Bf5 5. d4 e6 6. Nf3 Qb6 7. Be2 Nh6 8. b3 cxd4 9. Nxd4 Be4 10. Be3 Bxg2 11. Rg1 Be4 12. Nd2 Bc5 13. Nxe4 dxe4 14. Rxg7 Rd8 15. Bh5 Nxd4 16. Bxd4 Rd7 17. Bg4 Bxd4 18. cxd4 Rxd4 19. Qc2 Rd3 20. Kf1 Qe3 21. Qf2 Kf8 22. Qxe3 Rxe3 23. Rg5 Nxg4 24. Rxg4 Rg8 25. Rxg8+ Kxg8 26. Rc1 Rf3+ 27. Ke2 Rxf4 28. Ke3 Rh4 29. Rc2 Kg7 0-1

[Event "IECG CP.1999.Q.00003"]
[Site "IECG email"]
[Date "2000.10.01"]
[Round "?"]
[White "Storgaard, Flemming S"]
[Black "Mrkvicka, Josef"]
[Result "1/2-1/2"]
[WhiteElo "1828"]
[BlackElo "2352"]
[PlyCount "79"]
[EventDate "2000.10.01"]
[EventType "tourn (corr)"]
[EventRounds "8"]
[EventCountry "GER"]
[SourceTitle "Corr 2008"]
[Source "ChessBase"]
[SourceDate "2008.06.24"]
[SourceVersion "1"]
[SourceVersionDate "2008.06.24"]
[SourceQuality "1"]

1. e4 d6 2. d4 Nf6 3. Bd3 e5 4. c3 Nc6 5. Nf3 g6 6. 0-0 Bg7 7. h3 0-0 8. Re1 h6 9. Be3 exd4 10. cxd4 Nb4 11. Nc3 Nxd3 12. Qxd3 d5 13. e5 Ne8 14. Rac1 c6 15. Nh2 Nc7 16. Ne2 Re8 17. Ng3 Qe7 18. f4 Qh4 19. Nhf1 Na6 20. a3 Nc7 21. f5 gxf5 22. Nxf5 Bxf5 23. Qxf5 Ne6 24. Bf2 Qg5 25. Ng3 Qg6 26. Rf1 a5 27. Rc3 a4 28. Rf3 Rac8 29. Nh5 Ng5 30. Nf6+ Kh8 31. Rf4 Ne6 32. Nxe8 Nxf4 33. Qxf4 Rxe8 34. Bg3 Rg8 35. Kh2 Bf8 36. Rf3 Rg7 37. Qd2 Be7 38. Bf4 h5 39. Qf2 Kg8 40. Kh1 1/2-1/2

[Event "IECC Swiss email"]
[Site "IECC email"]
[Date "2000.09.12"]
[Round "?"]
[White "Vujadinovic, Milan"]
[Black "Storgaard, Flemming S"]
[Result "1/2-1/2"]
[WhiteElo "2215"]
[BlackElo "1913"]
[PlyCount "67"]
[EventDate "2000.??.??"]
[EventType "tourn (corr)"]
[EventRounds "6"]
[SourceTitle "Corr 2008"]
[Source "ChessBase"]
[SourceDate "2008.06.24"]
[SourceVersion "1"]
[SourceVersionDate "2008.06.24"]
[SourceQuality "1"]

1. d4 Nf6 2. c4 e5 3. dxe5 Ne4 4. Nf3 Nc6 5. Nbd2 Nc5 6. a3 Qe7 7. e3 Nxe5 8. Nxe5 Qxe5 9. Nf3 Qf6 10. Be2 b6 11. 0-0 Bb7 12. Nd4 Be7 13. b4 Ne6 14. Bb2 Qg6 15. Bf3 Bxf3 16. Nxf3 Bf6 17. Bxf6 Qxf6 18. Qd5 Rd8 19. Rfd1 0-0 20. Ne5 d6 21. Nc6 Ra8 22. Ra2 Rfc8 23. Rad2 a5 24. bxa5 bxa5 25. Rb1 Nc5 26. e4 Na4 27. Rd3 Re8 28. e5 dxe5 29. Rf3 Qe6 30. Rb7 Rac8 31. Re3 Qf6 32. h3 e4 33. Re1 Nb6 34. Qc5 1/2-1/2

[Event "IECG L1.2000.0.00012 email"]
[Site "IECG email"]
[Date "2000.05.14"]
[Round "?"]
[White "Storgaard, Flemming S"]
[Black "Dijksman, Leo"]
[Result "0-1"]
[WhiteElo "1847"]
[BlackElo "2084"]
[PlyCount "68"]
[EventDate "2000.05.14"]
[EventType "tourn (corr)"]
[EventRounds "14"]
[SourceTitle "Corr 2008"]
[Source "ChessBase"]
[SourceDate "2008.06.24"]
[SourceVersion "1"]
[SourceVersionDate "2008.06.24"]
[SourceQuality "1"]

1. e4 e5 2. Bc4 Nf6 3. d4 exd4 4. Nf3 Nc6 5. 0-0 Nxe4 6. Re1 d5 7. Bxd5 Qxd5 8. Nc3 Qa5 9. Nxe4 Be6 10. Bd2 Qf5 11. Bg5 h6 12. Qd3 Qa5 13. Bd2 Qb6 14. a4 a6 15. a5 Qb5 16. Qxb5 axb5 17. Rad1 Be7 18. Bf4 Bb4 19. Bd2 Bxa5 20. Bxa5 Rxa5 21. Nxd4 Nxd4 22. Rxd4 0-0 23. Nc5 Bf5 24. Nxb7 Ra2 25. b4 Rxc2 26. Rd5 Be6 27. Rxb5 Rb8 28. Nd6 Ra8 29. Nf5 c6 30. Rbe5 Raa2 31. Rf1 Bc4 32. Re8+ Kh7 33. Ne3 Bxf1 34. Nxc2 Bb5 0-1

[Event "IECC Swiss email"]
[Site "IECC email"]
[Date "2000.04.22"]
[Round "?"]
[White "Lavender, Kyle"]
[Black "Storgaard, Flemming S"]
[Result "1/2-1/2"]
[WhiteElo "1600"]
[BlackElo "1916"]
[PlyCount "67"]
[EventDate "2000.??.??"]
[EventType "tourn (corr)"]
[EventRounds "6"]
[SourceTitle "Corr 2008"]
[Source "ChessBase"]
[SourceDate "2008.06.24"]
[SourceVersion "1"]
[SourceVersionDate "2008.06.24"]
[SourceQuality "1"]

1. e4 c6 2. d4 d5 3. Nc3 dxe4 4. Nxe4 Bf5 5. Ng3 Bg6 6. h4 h6 7. Nf3 Nd7 8. h5 Bh7 9. Bd3 Bxd3 10. Qxd3 e6 11. Bf4 Ngf6 12. 0-0-0 Be7 13. Ne5 0-0 14. c4 c5 15. d5 Bd6 16. Ng6 Bxf4+ 17. Nxf4 Qc7 18. Rh4 Rad8 19. dxe6 Ne5 20. Qe2 Rxd1+ 21. Qxd1 Nxc4 22. Nf5 fxe6 23. Ne7+ Kf7 24. Qe2 Qxe7 25. Ng6 Qd6 26. Nxf8 Ne5 27. Ng6 Nxg6 28. hxg6+ Kxg6 29. Rh3 Qd5 30. Ra3 a6 31. Rc3 Kf7 32. Kb1 b5 33. Qf3 Qd6 34. Rd3 1/2-1/2

[Event "IECC CL3-2000.24"]
[Site "IECC email"]
[Date "2000.04.21"]
[Round "?"]
[White "Storgaard, Flemming S"]
[Black "Czernow, Marcin"]
[Result "1/2-1/2"]
[WhiteElo "1912"]
[BlackElo "1801"]
[PlyCount "46"]
[EventDate "2000.??.??"]
[EventType "tourn (corr)"]
[EventRounds "4"]
[SourceTitle "Corr 2008"]
[Source "ChessBase"]
[SourceDate "2008.06.24"]
[SourceVersion "1"]
[SourceVersionDate "2008.06.24"]
[SourceQuality "1"]

1. e4 c5 2. Nf3 Nc6 3. c3 e6 4. d4 d5 5. e5 Qb6 6. Be2 cxd4 7. cxd4 Nge7 8. Nc3 Nf5 9. Na4 Bb4+ 10. Bd2 Qa5 11. Bc3 b5 12. a3 Bxc3+ 13. Nxc3 b4 14. axb4 Qxb4 15. Qa4 Qb6 16. 0-0 0-0 17. Rfd1 Bd7 18. Bb5 Rfb8 19. Rd2 a5 20. h3 Rb7 21. Bxc6 Bxc6 22. Qd1 Rab8 23. Na4 Qa7 1/2-1/2

[Event "IECC Y2KO email"]
[Site "IECC email"]
[Date "1999.10.14"]
[Round "?"]
[White "Hawk, June"]
[Black "Storgaard, Flemming S"]
[Result "1-0"]
[WhiteElo "1498"]
[BlackElo "1945"]
[PlyCount "95"]
[EventDate "1999.??.??"]
[EventType "tourn (corr)"]
[EventRounds "2"]
[SourceTitle "Corr 2008"]
[Source "ChessBase"]
[SourceDate "2008.06.24"]
[SourceVersion "1"]
[SourceVersionDate "2008.06.24"]
[SourceQuality "1"]

1. b4 e5 2. Bb2 f6 3. b5 d5 4. e3 Be6 5. Nf3 c5 6. bxc6 Nxc6 7. Be2 Qb6 8. Ba3 Bxa3 9. Nxa3 Nge7 10. c3 0-0 11. 0-0 Rfc8 12. Rb1 Qc7 13. Qb3 Na5 14. Qb4 Nec6 15. Qb2 a6 16. d3 b5 17. Nd2 Rab8 18. Rfc1 Qd6 19. Nc2 b4 20. cxb4 Nxb4 21. Nxb4 Rxc1+ 22. Qxc1 Rxb4 23. Rxb4 Qxb4 24. Bf3 h6 25. Kf1 Qb5 26. Qc2 Nc6 27. Qb3 Qc5 28. Ne4 Qc1+ 29. Ke2 Kh7 30. Qc3 Qxc3 31. Nxc3 Nb4 32. a3 Nc2 33. Nxd5 Nxa3 34. Nc7 Bc8 35. Bc6 Kg6 36. Kd2 Kf7 37. Ne8 Be6 38. Kc3 Nb1+ 39. Kc2 Na3+ 40. Kb2 Nb5 41. Bxb5 axb5 42. Nd6+ Ke7 43. Nxb5 h5 44. Kc3 g5 45. Kb4 h4 46. Kc5 f5 47. d4 Bd5 48. Kxd5 1-0

[Event "IECG CP.1999.P.00060"]
[Site "IECG email"]
[Date "1999.10.01"]
[Round "?"]
[White "Schmidt, Michael"]
[Black "Storgaard, Flemming S"]
[Result "0-1"]
[WhiteElo "800"]
[BlackElo "1832"]
[PlyCount "50"]
[EventDate "1999.10.01"]
[EventType "tourn (corr)"]
[EventRounds "6"]
[EventCountry "YUG"]
[SourceTitle "Corr 2008"]
[Source "ChessBase"]
[SourceDate "2008.06.24"]
[SourceVersion "1"]
[SourceVersionDate "2008.06.24"]
[SourceQuality "1"]

1. e4 c6 2. d4 d5 3. exd5 cxd5 4. c4 Nf6 5. Nc3 e6 6. Nf3 Nc6 7. c5 Be7 8. Bb5 0-0 9. 0-0 Bd7 10. Bxc6 Bxc6 11. Ne5 Nd7 12. Nxd7 Qxd7 13. a3 e5 14. Ne2 exd4 15. Qxd4 Bf6 16. Qd3 Bb5 17. Qc2 Rfe8 18. Re1 Qe7 19. Kf1 d4 20. Qd2 d3 21. Nc3 Qxe1+ 22. Qxe1 d2+ 23. Ne2 dxe1R+ 24. Kxe1 Bxb2 25. Bxb2 Rxe2+ 0-1

[Event "IECC KO email"]
[Site "IECC email"]
[Date "1999.05.04"]
[Round "?"]
[White "Grazinys, Vidmantas"]
[Black "Storgaard, Flemming S"]
[Result "1/2-1/2"]
[WhiteElo "2108"]
[BlackElo "1948"]
[PlyCount "91"]
[EventDate "1999.??.??"]
[EventType "tourn (corr)"]
[EventRounds "6"]
[SourceTitle "Corr 2008"]
[Source "ChessBase"]
[SourceDate "2008.06.24"]
[SourceVersion "1"]
[SourceVersionDate "2008.06.24"]
[SourceQuality "1"]

1. e4 c6 2. d4 d5 3. Nd2 dxe4 4. Nxe4 Nf6 5. Nxf6+ exf6 6. c3 Bd6 7. Bd3 0-0 8. Qc2 Re8+ 9. Ne2 g6 10. 0-0 Qc7 11. h3 Nd7 12. Bd2 Nf8 13. c4 Bf5 14. Bxf5 Rxe2 15. Bd3 Re7 16. Rfe1 Rae8 17. Rxe7 Rxe7 18. Bc3 Ne6 19. Rd1 Rd7 20. Be2 f5 21. d5 Ng5 22. dxc6 Qxc6 23. Bd2 Ne4 24. Be3 Bc5 25. Rxd7 Qxd7 26. Bxc5 Nxc5 27. Qd1 Qe7 28. Bf3 b6 29. b4 Ne4 30. a3 Qe5 31. Qc1 Kg7 32. c5 bxc5 33. Bxe4 fxe4 34. bxc5 Kf6 35. Kf1 Ke6 36. c6 Qc7 37. Qc4+ Ke5 38. Qc5+ Ke6 39. Ke2 f5 40. Ke3 g5 41. g4 fxg4 42. Qc4+ Kf6 43. Qd4+ Kf7 44. Qd7+ Qxd7 45. cxd7 Ke7 46. hxg4 1/2-1/2

[Event "IECG CP.1998.Q.00014"]
[Site "IECG email"]
[Date "1999.??.??"]
[Round "?"]
[White "Grabowski, Tomasz"]
[Black "Storgaard, Flemming S"]
[Result "1-0"]
[WhiteElo "1630"]
[BlackElo "1832"]
[PlyCount "63"]
[EventDate "1999.10.01"]
[EventType "tourn (corr)"]
[EventRounds "8"]
[EventCountry "USA"]
[SourceTitle "Corr 2008"]
[Source "ChessBase"]
[SourceDate "2008.06.24"]
[SourceVersion "1"]
[SourceVersionDate "2008.06.24"]
[SourceQuality "1"]

1. e4 c6 2. d4 d5 3. Nc3 dxe4 4. Nxe4 Bf5 5. Ng3 Bg6 6. h4 h6 7. Nf3 Nf6 8. Ne5 Bh7 9. Bc4 e6 10. Qe2 Nd5 11. Bb3 Bb4+ 12. Kf1 0-0 13. Bxh6 gxh6 14. Qg4+ Kh8 15. Nh5 Bg6 16. Nxg6+ fxg6 17. Qxg6 Qd7 18. c3 Bd6 19. Qxh6+ Qh7 20. Qxh7+ Kxh7 21. Re1 Nc7 22. Bxe6 Nba6 23. g4 Nxe6 24. Rxe6 Rad8 25. g5 Nc7 26. Rh6+ Kg8 27. Nf6+ Kf7 28. h5 Rh8 29. Ng4 Ne6 30. Rf6+ Ke7 31. g6 Nf4 32. h6 1-0

[Event "IECG CP.1998.Q.00014"]
[Site "IECG email"]
[Date "1999.??.??"]
[Round "?"]
[White "Lutzenberger, Reimund"]
[Black "Storgaard, Flemming S"]
[Result "1-0"]
[WhiteElo "2246"]
[BlackElo "1832"]
[PlyCount "67"]
[EventDate "1999.10.01"]
[EventType "tourn (corr)"]
[EventRounds "8"]
[EventCountry "USA"]
[SourceTitle "Corr 2008"]
[Source "ChessBase"]
[SourceDate "2008.06.24"]
[SourceVersion "1"]
[SourceVersionDate "2008.06.24"]
[SourceQuality "1"]

1. e4 c6 2. d4 d5 3. exd5 cxd5 4. c4 Nf6 5. Nc3 e6 6. Nf3 Nc6 7. c5 Be7 8. Bb5 0-0 9. 0-0 Bd7 10. Re1 b6 11. Ne5 Nxe5 12. dxe5 Ne8 13. c6 Bc8 14. Bd3 f5 15. Qa4 Bc5 16. Nb5 a6 17. Bd2 Rb8 18. Na3 b5 19. Qf4 b4 20. Nc2 Qb6 21. Rac1 a5 22. Be3 Bxe3 23. Qxe3 Qxc6 24. Nd4 Qd7 25. Nc6 Ra8 26. Qc5 Rf7 27. Nxa5 Qe7 28. Qb6 f4 29. Nc6 Qb7 30. Qd4 b3 31. Nd8 Qa7 32. Qb4 bxa2 33. Nxf7 Qxf7 34. Ra1 1-0

[Event "IECG CP.1998.Q.00014"]
[Site "IECG email"]
[Date "1999.??.??"]
[Round "?"]
[White "Schoenbuchner, Gerhard"]
[Black "Storgaard, Flemming S"]
[Result "1-0"]
[WhiteElo "2074"]
[BlackElo "1832"]
[PlyCount "63"]
[EventDate "1999.10.01"]
[EventType "tourn (corr)"]
[EventRounds "8"]
[EventCountry "USA"]
[SourceTitle "Corr 2008"]
[Source "ChessBase"]
[SourceDate "2008.06.24"]
[SourceVersion "1"]
[SourceVersionDate "2008.06.24"]
[SourceQuality "1"]

1. d4 d5 2. c4 c6 3. Nf3 Nf6 4. Nc3 e6 5. e3 Bd6 6. Qc2 Nbd7 7. g4 Bb4 8. Bd2 Qe7 9. g5 Bxc3 10. Bxc3 Ne4 11. Rg1 b6 12. Bd3 Nxc3 13. Qxc3 Bb7 14. cxd5 exd5 15. Bf5 f6 16. g6 hxg6 17. Rxg6 Nf8 18. Rg3 c5 19. 0-0-0 g6 20. Bxg6+ Nxg6 21. Rxg6 Rc8 22. Kd2 Rh3 23. Rdg1 Qe4 24. Rg8+ Kf7 25. R8g7+ Kf8 26. Ne1 Rxh2 27. Rxb7 Rxf2+ 28. Kc1 Re2 29. Kd1 Rxe3 30. Qc2 Qxd4+ 31. Kc1 Qe4 32. Qf2 1-0